000 00605nam a2200229Ia 4500
005 20240320084921.0
008 131103s9999 xx 000 0 und d
020 _a8131705803
_cRs 399
040 _aLoreto College
041 _aEnglish
082 _a005.13
_bCAS
100 _aCastro, Elizabeth
245 _aHTML for the World Wide Web
_b with XHTML and CSS
_cElizabeth Castro
250 _a5th ed
260 _aNew Delhi
_bPearson Education
_c2006
300 _axi,480p
440 _aVisual Quickstart Guide
504 _aIncludes index
650 _aHTML
850 _aLCLIB
942 _cBK
999 _c17908
_d68387